00945cam a22002533a 450000100060000000300060000600500170001200800410002904000150007004200070008505000070009210000360009924501480013526000290028350600300031251600200034265300490036265300450041165300460045665300560050265300620055883000290062085600420064917505PGUSA20140828083355.0060112s2006||||xxu|||||s|||||000 | eng d aPGUSAbeng adc 4aPQ1 aGoncourt, Edmond de,d1822-189610aJournal des Goncourt (Deuxième série, troisième volume) :bMémoires de la vie littéraireh[electronic resource] /cEdmond de Goncourt bProject Gutenberg,c2006 aPublic domain in the USA. aElectronic text aNovelists, French -- 19th century -- Diaries aGoncourt, Jules de, 1830-1870 -- Diaries aGoncourt, Edmond de, 1822-1896 -- Diaries aParis (France) -- Intellectual life -- 19th century aParis (France) -- Social life and customs -- 19th century 0aProject Gutenbergv1750540uhttp://www.gutenberg.org/ebooks/17505